000 00261nam a22001217a 4500
020 _a81-7450-669-1
082 _a510
_bNCE/M
245 _aMATHEMATICS TEXT BOOK
260 _aDELHI
_bNCERT
300 _a312
650 _aMATHEMATICS TEXT BOK
_zDELHI
942 _cBK
999 _c6971
_d6971